000 00311nam a22001337a 4500
020 _qPB.
040 _cFIZZA ISHAQ
082 _a628.42
_bCPH
100 _aHUANG,P.C.
_990680
245 _aHAZARDOUS AND INDUSTRIAL WASTE /
_cC.P.HUANG.
260 _aNEW YORK ;
_c1994.
300 _a771 P. ;
942 _2ddc
_cBK
999 _c588887
_d588887